| 000 | 00487cam a2200181ua 4500 | ||
|---|---|---|---|
| 020 | _c25.00 | ||
| 041 |
_aeng _h |
||
| 082 |
_a574.5 _bODU/EC |
||
| 100 | _aOdum, Eugene P. | ||
| 245 |
_aEcology: The link between the natural and the social sciences / _cEugene P Odum. _hTextual Documents |
||
| 250 |
_a2 / _b. |
||
| 260 |
_aNew Delhi : _bOxford & IBH Publishing company , _c1975. |
||
| 300 | _a244 ; . | ||
| 365 | _a25.00 | ||
| 504 | _a | ||
| 942 | _cBK | ||
| 999 |
_c9791 _d9791 |
||